| 000 | 01913nam a2200397 a 4500 | ||
|---|---|---|---|
| 001 | ebr10485536 | ||
| 003 | CaPaEBR | ||
| 006 | m u | ||
| 007 | cr cn||||||||| | ||
| 008 | 100420s2010 azuab sb 001 0 eng d | ||
| 010 | _z 2010011678 | ||
| 020 | _z9780816526987 (pbk. : alk. paper) | ||
| 020 | _z0816526982 (pbk. : alk. paper) | ||
| 020 | _z9780816502271 (e-book) | ||
| 040 |
_aCaPaEBR _cCaPaEBR |
||
| 035 | _a(OCoLC)747413919 | ||
| 043 | _ancgt--- | ||
| 050 | 1 | 4 |
_aF1465.3.T4 _bR675 2010eb |
| 082 | 0 | 4 |
_a338.4/76771 _222 |
| 100 | 1 | _aRousso, Kathryn. | |
| 245 | 1 | 0 |
_aMaguey journey _h[electronic resource] : _bdiscovering textiles in Guatemala / _cKathryn Rousso. |
| 260 |
_aTucson : _bUniversity of Arizona Press, _cc2010. |
||
| 300 |
_axvi, 162 p. : _bill. (some col.), map. |
||
| 504 | _aIncludes bibliographical references (p. 149-153) and index. | ||
| 505 | 0 | _aThe land of Maguey. Guatemala ; People of Maguey ; The western highlands ; The central highlands ; East and north -- The maguey to textile transformation. Maguey : the material ; Fiber extraction ; Colors and patterns ; Spinning fibers into strands ; From strand to product ; Maguey products and their uses -- The gift of life. Maguey economics ; Maguey in transition ; Conclusion. | |
| 533 |
_aElectronic reproduction. _bPalo Alto, Calif. : _cebrary, _d2013. _nAvailable via World Wide Web. _nAccess may be limited to ebrary affiliated libraries. |
||
| 650 | 0 |
_aTextile fabrics _zGuatemala. |
|
| 650 | 0 |
_aMaya textile fabrics _zGuatemala. |
|
| 650 | 0 |
_aIndian textile fabrics _zGuatemala. |
|
| 650 | 0 |
_aHand weaving _zGuatemala. |
|
| 650 | 0 |
_aAgaves _zGuatemala. |
|
| 650 | 0 |
_aAgaves _xUtilization _zGuatemala. |
|
| 655 | 7 |
_aElectronic books. _2local |
|
| 710 | 2 | _aebrary, Inc. | |
| 856 | 4 | 0 |
_uhttp://site.ebrary.com/lib/rucke/Doc?id=10485536 _zAn electronic book accessible through the World Wide Web; click to view |
| 999 |
_c224108 _d224108 |
||